000
00321nam a22001217a 4500
041
_a
ENG
100
_a
Srivastava .P.R
245
_a
BIopesticide And Bloagents In Integrated Insect Post Mangemnt Of Mango
260
_a
U. P
_b
Anil Printing Press
_c
1998
300
_a
116
650
_a
Agricultural
856
_u
Agricultural
999
_c
496
_d
496